Statistics for Artists who reached #1 in the USA that starts with S

Click here to take the quiz!

General Stats

  • This quiz has been taken 27 times
  • The average score is 26 of 81

Answer Stats

#SongArtist% Correct
150 Ways to Leave Your LoverPaul Simon
92%
1Let the River RunCarly Simon
92%
1Hips Don't LieShakira
88%
2Oh My MyRingo Starr
88%
1Wheel of FortuneKay Starr
88%
1WarEdwin Starr
88%
2Gettin' Jiggy wit ItWill Smith
88%
3Bridge over Troubled WaterSimon and Garfunkel
83%
1Kiss from a RoseSeal
79%
3We Built This CityStarship
79%
1Hollaback GirlGwen Stefani
75%
1Don't You (Forget About Me)Simple Minds
75%
3My WayFrank Sinatra
71%
2Sugar TownNancy Sinatra
71%
5...Baby One More TimeBritney Spears
67%
1Jessie's GirlRick Springfield
67%
1WannabeSpice Girls
63%
1Eye of the TigerSurvivor
63%
1Don't Give Up on UsDavid Soul
63%
1If You Wanna Be HappyJimmy Soul
58%
12You Can't Hurry LoveThe Supremes
54%
2SmoothSantana
50%
1Thong SongSisqó
46%
4Hot StuffDonna Summer
46%
1When a Man Loves a WomanPercy Sledge
46%
2Truly Madly DeeplySavage Garden
42%
1Mr. RobotoStyx
42%
1Baby Got BackSir Mix-a-Lot
42%
2It Wasn't MeShaggy
42%
4Good Morning, School GirlRod Stewart
33%
1Knock on WoodAmii Stewart
33%
2You Make Me Feel Like DancingLeo Sayer
33%
2Everything Is BeautifulRay Stevens
29%
2If You Don't Know Me by NowSimply Red
29%
1Night MovesBob Seger
29%
1(Where Do I Begin?) Love StoryApril Stevens
29%
3Thinking Out LoudEd Sheeran
29%
2Will You Love Me TomorrowThe Shirelles
25%
1RunawayDel Shannon
25%
1Crank That (Soulja Boy)Soulja Boy Tell 'Em
25%
3What's My Name?Snoop Dogg
25%
1InformerSnow
25%
3Everyday PeopleSly and the Family Stone
25%
5Bad BloodTaylor Swift
21%
1All for LoveSting
21%
1Na Na Hey Hey Kiss Him GoodbyeSteam
21%
1Cheap ThrillsSia
17%
1Leader of the PackThe Shangri-Las
17%
1Afternoon DelightStarland Vocal Band
17%
3Bad BloodNeil Sedaka
13%
1Welcome BackJohn Sebastian
13%
1DominiqueThe Singing Nun
13%
5EvergreenBarbra Streisand
13%
1VenusShocking Blue
13%
1I Can HelpBilly Swan
13%
1If Wishes Came TrueSweet Sensation
8%
1Incense and PeppermintsStrawberry Alarm Clock
8%
1DownJay Sean
8%
1Because I Love You (The Postman Song)Stevie B
4%
1WeakSWV
4%
1The First TimeSurface
4%
1Ballad of the Green BeretsSSgt Barry Sadler
4%
1Check on ItSlim Thug
4%
1Then Came YouThe Spinners
4%
1Slow MotionSoulja Slim
4%
2Witch DoctorDavid Seville
4%
1Stand UpShawnna
4%
1Medley: Intro 'Venus' / Sugar SugarStars on 45
4%
1Get a JobSilhousette
0%
1Sleep WalkSanto & Johnny
0%
1ManiacMichael Sembello
0%
1When I'm with YouSheriff
0%
1We Need a ResolutionStatic Major
0%
1Freak MeSilk
0%
1Fly, Robin, FlySilver Convenention
0%
1Ue o Muite ArukōKyu Sakamoto
0%
1Baby Don't GoSonny and Cher
0%
1Another LoveStories
0%
1MoonglowMorris Stoloff
0%
2Let's Do It AgainThe Staple Singers
0%
1Boogie FeverThe Sylvers
0%

Score Distribution

Percentile by Number Answered

Percent of People with Each Score

Your Score History

You have not taken this quiz